000 00505nam a2200169Ia 4500
008 090711s9999 xx 000 0 und d
082 _b29740
100 _aखरे सुरेश
245 _aअसुनी नाथ मी अनाथ
260 _c1973
300 _a83
600 _aखरे सुरेश
630 _aअसुनी नाथ मी अनाथ
700 _aखरे सुरेश
730 _aअसुनी नाथ मी अनाथ
942 _cBOOK
999 _c305976
_d305976